01415 2200541 4500001002100000005001500021035002000036245011900056100001800175250000600193300003400199700002300233260003600256082001100292084001700303020002200320650002100342990001700363990001700380990001700397990001700414990001700431990001700448990001700465990001700482990001700499990001700516990001700533990001700550990001700567990001700584990001700601990001700618990001700635990001700652990001700669990001700686990001700703990001700720990001700737990001700754990001700771990001700788990001700805990001700822990001700839990001700856INLIS00000000000002820180726085930 a0010-07180000281 aTerjemah Al Lughatul Arabiyyah Al Kailani :bTentang Ilmu Sharaf /cAbi Hasan Ali; Alih Bahasa, Drs. Zaenuri Siroj0 aAbi Hasan Ali a- av, 50 hlm. :bilus. ;c25 cm.0 aDrs. Zaenuri Siroj aJakarta :bcv Megah Jaya,c2009 a492.75 a492.75 ABI t a978-602-838-235-9 aTata Bahasa Arab a00111/P/2018 a00112/P/2018 a00113/P/2018 a00114/P/2018 a00115/P/2018 a00111/P/2018 a00112/P/2018 a00113/P/2018 a00114/P/2018 a00115/P/2018 a00112/P/2018 a00111/P/2018 a00113/P/2018 a00114/P/2018 a00115/P/2018 a00113/P/2018 a00111/P/2018 a00112/P/2018 a00114/P/2018 a00115/P/2018 a00114/P/2018 a00111/P/2018 a00112/P/2018 a00113/P/2018 a00115/P/2018 a00115/P/2018 a00111/P/2018 a00112/P/2018 a00113/P/2018 a00114/P/2018